| 000 | 00652nam a22002297a 4500 | ||
|---|---|---|---|
| 999 |
_c5707 _d5707 |
||
| 003 | AR-CdUCM | ||
| 008 | 190313b ||||| |||| 00| 0 spa d | ||
| 040 |
_aMUNICIPALIDAD PROVINCIAL DEL CUSCO _cBIBLIOTECA MUNICIPAL DEL CUSCO |
||
| 082 |
_a869.56 / _bA69 |
||
| 100 |
_aArias Larreta, Felipe _914824 |
||
| 245 | _aAntara / | ||
| 260 |
_aLima : _bEds. Sayari, _c1948. |
||
| 300 |
_a46 paginas ; _c19 cm. |
||
| 500 | _aDonación familia Nieto | ||
| 505 | _aContenido :Poemas / | ||
| 650 |
_aLiteraturas peruana _917002 |
||
| 650 |
_aSiglo XX _98 |
||
| 650 |
_aPoesías _914363 |
||
| 650 |
_aSonetos _917003 |
||
| 942 |
_2ddc _cLIBROS |
||
| 945 | _arjall | ||